"Ficcions" documentals (Record no. 169212)

MARC details
000 -LEADER
campo de control de longitud fija 00999nam a22002535i 4500
001 - NÚMERO DE CONTROL
campo de control 169212
003 - IDENTIFICADOR DE NÚMERO DE CONTROL
campo de control ES-MaACL
005 - FECHA Y HORA DE LA ÚLTIMA TRANSACCIÓN
campo de control 20230906214029.0
008 - DATOS DE LONGITUD FIJA--INFORMACIÓN GENERAL
campo de control de longitud fija 080822s2004 sp |||| | cat d
020 ## - NÚMERO INTERNACIONAL ESTÁNDAR DEL LIBRO
Número Internacional Estándar del Libro 84-7664-844-8
080 ## - NÚMERO DE LA CLASIFICACIÓN DECIMAL UNIVERSAL
Número de la Clasificación Decimal Universal 791.43-92(049.3)
245 01 - MENCIÓN DEL TÍTULO
Título "Ficcions" documentals
Resto del título : del 10 de març al 27 de juny de 2004, CaixaForum Barcelona /
Mención de responsabilidad, etc. exhibició produïda i organitzada per la Fundació "La Caixa" ; [autors dels textos, Emmanuel Burdeau, Jean-Pierre Rehm, Hito Steyerl].
260 ## - PUBLICACIÓN, DISTRIBUCIÓN, ETC.
Lugar de publicación, distribución, etc. Barcelona :
Nombre del editor, distribuidor, etc. Fundació "La Caixa",
Fecha de publicación, distribución, etc. 2004.
300 ## - DESCRIPCIÓN FÍSICA
Extensión 155 p. :
Otras características físicas il. col. ;
Dimensiones 21 cm.
546 ## - NOTA DE IDIOMA
Nota de lengua/lenguaje Texto en catalán, castellano e inglés.
650 14 - PUNTO DE ACCESO ADICIONAL DE MATERIA--TÉRMINO DE MATERIA
Término de materia o nombre geográfico como elemento de entrada Documentales-
Subdivisión de forma Críticas.
9 (RLIN) 138286
700 1# - ENTRADA AGREGADA--NOMBRE PERSONAL
Nombre de persona Burdeau, Emmanuel.
9 (RLIN) 138287
700 1# - ENTRADA AGREGADA--NOMBRE PERSONAL
Nombre de persona Rehm, Jean-Pierre.
9 (RLIN) 138288
700 1# - ENTRADA AGREGADA--NOMBRE PERSONAL
Nombre de persona Steyerl, Hito.
9 (RLIN) 138289
710 2# - ENTRADA AGREGADA--NOMBRE DE ENTIDAD CORPORATIVA
Nombre de entidad corporativa o nombre de jurisdicción como elemento de entrada Fundació "la Caixa"
9 (RLIN) 173255
710 2# - ENTRADA AGREGADA--NOMBRE DE ENTIDAD CORPORATIVA
Nombre de entidad corporativa o nombre de jurisdicción como elemento de entrada CaixaForum Barcelona.
9 (RLIN) 138290
852 ## - LOCALIZACIÓN
Ubicación ES-MaACL
Número de control de estantería L-29633
itemnumber R.143096
Holdings
Estatus retirado Estado de pérdida Estado de daño No para préstamo Biblioteca de origen Biblioteca actual Ubicación en estantería Fecha de adquisición Fuente de adquisición Total de préstamos Signatura topográfica completa Código de barras Visto por última vez Precio de reemplazo Tipo de ítem Koha
        Biblioteca del Ateneo de Madrid Biblioteca del Ateneo de Madrid Depósito 2 22/08/2008     L-29633 1177656 23/02/2023 23/02/2023 Libro impreso